000
00250nam a2200109Ia 4500
008
190912s9999||||xx |||||||||||||| ||und||
100
_a
Robert M. Fulmer
245
4
_a
The New Management
260
_a
USA
_b
Education
_c
1988
300
_a
526
942
_c
BK
999
_c
7576
_d
7576